David Bowie Songs - Sudden Death - Statistics

General Stats
  • This quiz has been taken 228 times
    68 since last reset
  • The average score is 15 of 20
Answers on the Grid
Answers color-coded by a green-red scale on the quiz's grid according to % correct below.
All Dead, All Dead
Ashes To Ashes
Blue Jean
China Girl
Diamond Dogs
Funk To Funky
Good Company
Heroes
John, I’m Only Dancing
Lady Stardust
Lazarus
Let's Dance
Life On Mars?
Life On Mercury?
Love Kills
Love Of My Life
Major Tom
Modern Love
Moonage Daydream
My Fairy King
Paranoid
Queen Bitch
Rebel Rebel
Rebellion
Somebody To Love
Space Oddity
Starman
Superstar
The Jean Genie
The Man Who Sold The World
The Prophet's Song
Valentine's Day
Ziggy Stardust
 
Answer Stats
Answer % Correct
China Girl
91%
Ashes To Ashes
83%
Diamond Dogs
83%
Heroes
83%
Life On Mars?
83%
Rebel Rebel
83%
Space Oddity
83%
Ziggy Stardust
83%
Let's Dance
78%
Starman
78%
The Man Who Sold The World
78%
Moonage Daydream
74%
Modern Love
70%
The Jean Genie
70%
Blue Jean
65%
John, I’m Only Dancing
65%
Lazarus
61%
Lady Stardust
57%
Queen Bitch
57%
Valentine's Day
30%
No matching quizzes found
Score Distribution
Percent of People with Each Score
Percentile by Number Answered
Your Score History
You have not taken this quiz since the last reset